000 00489nam a22001457a 4500
008 160701b xxu||||| |||| 00| 0 eng d
020 _a9966854622
050 _aPL 8704
_b.S4 2010
100 _aShitemi, Naomi Luchera
_d2010
245 _aUshairi wa Kiswahili kabla ya karne ya ishirini/
_cNaomi Luchera Shitemi
260 _aEldoret :
_bMoi Universiy Press,
_c2010.
300 _axix, 275p.
_c24cm.
650 _aUshairi.
942 _2lcc
_cSH_L_BOOKS
_hPL 8704 .S4 2010
_022
999 _c11231
_d11231